| 000 | 00827nam a2200229Ia 4500 | ||
|---|---|---|---|
| 999 |
_c52619 _d52619 |
||
| 001 | 19643 | ||
| 003 | GE_BSU | ||
| 005 | 20200312210547.0 | ||
| 008 | 181216s1929||||ge |||||||||||||| ||geo|| | ||
| 040 | _cGE_BSU | ||
| 041 | _ageo | ||
| 080 | _a811.353.1 კ-27 | ||
| 100 |
_aკარიჭაშვილი, დ. _97715 |
||
| 245 |
_aქართული ენის გრამატიკა : _bეტიმოლოგია / _c დ. კარიჭაშვილი. |
||
| 264 |
_aტფილისი : _bსახელგამი, _c1929. |
||
| 300 |
_a136 გვ. : _b12 ტაბ. ; _c22 სმ. |
||
| 541 | _h32თ. | ||
| 653 | _aეტიმოლოგია | ||
| 653 | _aქართული ენა | ||
| 653 | _aქართული ენის გრამატიკა | ||
| 942 |
_cBK _2udc |
||